Tratado de derecho civil argentino : fuentes de las obligaciones : hechos ilícitos /
La obra completa se divide por materia y está distribuido como sigue: v. 1 t. 2 Parte general; v. 2 t. 1-3 Obligaciones en general; v.3 t. 1-4 Fuentes de las obligaciones; v. 4 t. 1-4 Derechos reales. Contenido del v. 3 t. 4: De los hechos ilícitos en general; De los hechos ilícitos: De los delitos;...
-д хадгалсан:
| Үндсэн зохиолч: | |
|---|---|
| Бусад зохиолчид: | |
| Формат: | Ном |
| Хэл сонгох: | испани |
| Хэвлэсэн: |
Buenos Aires, Argentina :
Tipográfica Editora Argentina,
1958, c1958
|
| Хэвлэл: | 2a edición |
| Нөхцлүүд: | |
| Шошгууд: |
Шошго байхгүй, Энэхүү баримтыг шошголох эхний хүн болох!
|
MARC
| LEADER | 00000nam^a2200000^a^4500 | ||
|---|---|---|---|
| 001 | 000181004 | ||
| 005 | 20250521000000.0 | ||
| 009 | 20260310101919.05 | ||
| 037 | |a Acervo ITESO - Biblioteca | ||
| 041 | |a ESP | ||
| 082 | |a 346. 82 |b SAL V. 3 T. 4 | ||
| 100 | |a Salvat, Raymundo M. |e (autor) | ||
| 240 | 1 | 1 | |a [Tratado de derecho civil argentino] |
| 245 | 1 | 0 | |a Tratado de derecho civil argentino : |b fuentes de las obligaciones : hechos ilícitos / |c R.M. Salvat ; actualización de A. Acuña Anzorena. |
| 250 | |a 2a edición |b aumentada | ||
| 264 | 4 | |a Buenos Aires, Argentina : |b Tipográfica Editora Argentina, |c 1958, c1958 | |
| 300 | |a XI, 596 p. | ||
| 336 | |a texto |b txt |2 rdacontenido | ||
| 337 | |a sin mediación |b n |2 rdamedio | ||
| 338 | |a volumen |b nc |2 rdasoporte | ||
| 520 | |a La obra completa se divide por materia y está distribuido como sigue: v. 1 t. 2 Parte general; v. 2 t. 1-3 Obligaciones en general; v.3 t. 1-4 Fuentes de las obligaciones; v. 4 t. 1-4 Derechos reales. Contenido del v. 3 t. 4: De los hechos ilícitos en general; De los hechos ilícitos: De los delitos; De los cuasidelitos; Ejercicio de las acciones de indeminización; Responsabilidades diversas. Del enriquecimiento sin causa; Leyes que rigen las obligaciones y sus fuentes | ||
| 649 | |a XX | ||
| 650 | |a Hechos Jurídicos - |z Argentina | ||
| 650 | |a Delitos - |z Argentina | ||
| 650 | |a Indemnización Laboral - |z Argentina | ||
| 650 | |a Responsabilidad (Derecho) - |z Argentina | ||
| 650 | |a Derecho de Crédito o de las Obligaciones - |z Argentina | ||
| 650 | |a Derecho de Crédito o de las Obligaciones - |z Argentina | ||
| 650 | |a Derecho Civil - |z Argentina | ||
| 650 | |a Derecho Penal - |z Argentina | ||
| 650 | |a Derecho Público - |z Argentina | ||
| 650 | |a Derecho Privado - |z Argentina | ||
| 700 | |a Acuña Anzorena, Arturo |e (actualización) | ||
| 910 | |a Fondo General | ||
| 920 | |a Impresos - Libros | ||
| 930 | |a Colección General | ||
| 905 | |a 101 | ||
| 901 | |a 0500120586 |b IT1 |c ACC |u 20250521 | ||
| 902 | |a https://opac.biblio.iteso.mx/vufind/Record/000181004 | ||